| 000 | 00560nam a22001577a 4500 | ||
|---|---|---|---|
| 003 | NUST | ||
| 038 | _aNusrat Nadeem | ||
| 082 | _a200 | ||
| 100 |
_aFaraz,Ahmad _9121710 |
||
| 245 |
_aOptimization of Cement Production: Maximizing Profits for Fauji Cement Company Limited under Resource and Environmental Constraints/ _cAhmad Faraz, |
||
| 264 |
_aIslamabad, _bNBS NUST _c2024. |
||
| 650 |
_aExecutive MBA _9125080 |
||
| 700 |
_aSupervisor:Dr. Muhammad Fawad Khan _9126340 |
||
| 856 | _uhttp://10.250.8.41:8080/xmlui/handle/123456789/50943 | ||
| 942 |
_2ddc _cSC |
||
| 999 |
_c613464 _d613464 |
||